States of Germany by Flag Map - Statistics

General Stats
  • This quiz has been taken 47 times
  • The average score is 13 of 16
Answer Stats
Picture Answer % Correct
Bavaria
100%
Baden-Württemberg
88%
Saxony
88%
Berlin
84%
Hesse
84%
Mecklenburg-Vorpommern
84%
North Rhine-Westphalia
84%
Schleswig-Holstein
84%
Brandenburg
81%
Thuringia
81%
Bremen
78%
Hamburg
78%
Lower Saxony
78%
Saarland
78%
Saxony-Anhalt
78%
Rhineland-Palatinate
72%
No matching quizzes found
Score Distribution
Percent of People with Each Score
Percentile by Number Answered
Your Score History
You have not taken this quiz